[Event "Kaluga Tsiolkovsky Memorial op"]
[Site "Kaluga"]
[Date "2016.08.15"]
[Round "9"]
[White "Dymtchenko, Aleksander"]
[Black "Mokin, Maxim"]
[Result "1-0"]
[WhiteElo "1808"]
[BlackElo "1296"]
[PlyCount "43"]
[EventDate "2016.08.06"]
[EventType "swiss"]
[EventRounds "9"]
[EventCountry "RUS"]
[SourceTitle "CBM 174 Extra"]
[Source "ChessBase"]
[SourceDate "2016.10.10"]
[SourceVersion "1"]
[SourceVersionDate "2016.10.10"]
[SourceQuality "1"]

1. d4 d5 2. Nf3 Nf6 3. g3 g6 4. Bg2 Bg7 5. 0-0 Nc6 6. c3 Bf5 7. Nbd2 0-0 8. Re1 Qd6 9. Nh4 Be6 10. Nb3 b6 11. Bf4 Qd7 12. Qc1 Nh5 13. Bh6 Nf6 14. Nf3 Ng4 15. Bxg7 Kxg7 16. e4 Nf6 17. Nbd2 a5 18. Ng5 dxe4 19. Nxe6+ Qxe6 20. Nxe4 Nxe4 21. Rxe4 Qf5 22. Rh4 1-0